00621nam a2200169 i 450000100060000000300090000600500170001500700030003200800410003510000460007624500930012226000440021530000220025985200320028199900170031395201210033025306ES-MaACL20230906153232.0t|021223s1980 sp ||||1| spa d1 aAranda Redruello, Rosalía Elena.92229210aActividades extraescolares para la edad preescolar / cRosalía Elena Aranda Redruello. aMadrid : bEscuela Española, c[1980] a114 p. ; c18 cm. aES-MaACLjF-2713 bR.100980 c25306d25306 00104070aATENEOMbATENEOMcDEPO2d2008-01-17eSCl0oF-2713p1026090r2023-02-23 00:00:00w2023-02-23yMONOGRAFIA